Visualizzazione normale
Vista MARC
- Censis - con il patrocinio del CNEL
di Personal Name
Records bibliografici associati: 1
001 - CONTROL NUMBER
- control field: 62371
003 - CONTROL NUMBER IDENTIFIER
- control field:
005 - DATE AND TIME OF LATEST TRANSACTION
- control field: 20250703114731.0
008 - FIXED-LENGTH DATA ELEMENTS
- fixed length control field: 250703|| aca||aabn | a|a d
040 ## - CATALOGING SOURCE
- Original cataloging agency:
- Transcribing agency:
100 ## - HEADING--PERSONAL NAME
- Personal name: Censis - con il patrocinio del CNEL
670 ## - SOURCE DATA FOUND
- Source citation: Work cat.: ()209519: Censis - con il patrocinio del CNEL, 33° rapporto sulla situazione sociale del Paese 1999, 1999